Von Theben nach Giza : Festmiszellen für Stefan Grunert zu 65. Geburtstag /

محفوظ في:

مؤلفون آخرون: Feder, Frank, Grunert, Stefan., Morenz, Ludwig D., Vittmann, Günther.

التنسيق: كتاب

اللغة: German
English

منشور في: Göttingen : Seminar für Ägyptologie und Koptologie, 2011.

سلاسل: Göttinger Miszellen. Beihefte ; 10.
GMB ; 10.

الموضوعات:

الوسوم: إضافة وسم

لا توجد وسوم, كن أول من يضع وسما على هذه التسجيلة!

رقم الطلب: PJ1004 .G51 v.10

LEADER 01085nam a22003257a 4500
003 OSt
005 20251013072154.0
008 251013t2011 gw ab g 010 0 ger d
040 |c ARCE Library 
041 0 |a ger  |a eng 
043 |a f-ua---  
050 1 4 |a PJ1004  |b .G51 v.10 
245 0 0 |a Von Theben nach Giza :   |b Festmiszellen für Stefan Grunert zu 65. Geburtstag /   |c Frank Feder, Ludwig D. Morenz, Günter Vittmann (Herausgegeben)  
264 1 |a Göttingen :   |b Seminar für Ägyptologie und Koptologie,   |c 2011. 
300 |a 179 pages :   |b illustrations, maps ;   |c 21 cm. 
490 1 |a Göttinger Miszellen. Beihefte,   |x 1867-9455 ;   |v 10. 
490 1 |a GMB ;   |v 10. 
546 |a Text in German and English. 
555 |a Hadeer 
650 0 |a Egyptian language. 
651 0 |a Egypt  |x Antiquities. 
700 1 |a Feder, Frank,  |9 29920 
700 1 |a Grunert, Stefan. 
700 1 |a Morenz, Ludwig D. 
700 1 |a Vittmann, Günther.  |9 41711 
830 0 |a Göttinger Miszellen.   |p Beihefte ;   |v 10. 
830 0 |a GMB ;   |v 10. 
901 |a reviewed 
942 |c BK  |2 lcc 
999 |c 24413  |d 24413